000 00787nam a2200265Ia 4500
003 OSt
005 20221006142454.0
006 a|||||r|||| 00| 0
007 ta
008 221006b |||||||| |||| 00| 0 eng d
020 _c
_6.00
024 _a6,427
037 _cTextual
040 _aEASL
_cEASL
_beng
041 _2eng
_aeng
082 _aY:6:(L).41, K8
100 _aCROIZIER Ralph C.
_9250684
245 0 _aTraditional medicine in modern China
_b Science, nationalism, and the tensions of cultural change
260 _aCambridge
_bHarvard University Press
_c1968
300 _axvi, 325p.
_ccm.
490 _v CEL
_aHarvard East Asian Series, 34
650 _aCEL
942 _hY:6:(L).41, K8
_cTEXL
_2CC
999 _c1074513
_d1074513